[Event "French Blitz Championship"]
[Site "portmarly2022.ffechecs.org"]
[Date "2022.05.28"]
[Round "12"]
[White "Shchekachev, Andrei"]
[Black "Guliyev, Namig"]
[Result "0-1"]
[Board "1"]
[WhiteElo "2500"]
[WhiteTitle "GM"]
[WhiteCountry "FRA"]
[WhiteFideId "4107730"]
[WhiteEloChange "-5"]
[BlackElo "2487"]
[BlackTitle "GM"]
[BlackCountry "AZE"]
[BlackFideId "13400363"]
[BlackEloChange "5"]

1. Nf3 {[%clk 0:05:04]} d5 {[%clk 0:05:04]} 2. g3 {[%clk 0:05:04]} Bg4 {[%clk
0:05:03]} 3. Bg2 {[%clk 0:05:05]} Nd7 {[%clk 0:05:04]} 4. d4 {[%clk 0:04:55]}
Ngf6 {[%clk 0:05:01]} 5. O-O {[%clk 0:04:53]} e6 {[%clk 0:05:00]} 6. c4 {[%clk
0:04:49]} c6 {[%clk 0:05:01]} 7. Nc3 {[%clk 0:04:28]} dxc4 {[%clk 0:04:56]} 8. a4
{[%clk 0:04:02]} Bb4 {[%clk 0:04:51]} 9. Qc2 {[%clk 0:03:41]} a5 {[%clk 0:04:38]}
10. Rd1 {[%clk 0:03:19]} Qe7 {[%clk 0:04:24]} 11. e4 {[%clk 0:02:39]} e5 {[%clk
0:04:13]} 12. d5 {[%clk 0:02:06]} O-O {[%clk 0:03:59]} 13. h3 {[%clk 0:01:53]}
Bxf3 {[%clk 0:04:00]} 14. Bxf3 {[%clk 0:01:53]} Nc5 {[%clk 0:03:54]} 15. Be3
{[%clk 0:01:36]} Bxc3 {[%clk 0:02:40]} 16. bxc3 {[%clk 0:01:02]} cxd5 {[%clk
0:02:13]} 17. exd5 {[%clk 0:01:01]} Nd3 {[%clk 0:02:12]} 18. Rab1 {[%clk
0:00:34]} e4 {[%clk 0:02:12]} 19. Bg2 {[%clk 0:00:31]} Nxd5 {[%clk 0:02:10]} 20.
Bd4 {[%clk 0:00:28]} f5 {[%clk 0:01:49]} 21. Rb5 {[%clk 0:00:20]} Rad8 {[%clk
0:01:40]} 22. Rdb1 {[%clk 0:00:08]} Rd7 {[%clk 0:01:41]} 23. Rxa5 {[%clk
0:00:08]} f4 {[%clk 0:01:42]} 24. Ra7 {[%clk 0:00:08]} 0-1

[Event "French Blitz Championship"]
[Site "portmarly2022.ffechecs.org"]
[Date "2022.05.28"]
[Round "12"]
[White "Boyer, Mahel"]
[Black "Lagarde, Maxime"]
[Result "0-1"]
[Board "2"]
[WhiteElo "2328"]
[WhiteTitle "IM"]
[WhiteCountry "FRA"]
[WhiteFideId "45102422"]
[WhiteEloChange "-3"]
[BlackElo "2622"]
[BlackTitle "GM"]
[BlackCountry "FRA"]
[BlackFideId "662399"]
[BlackEloChange "2"]

1. d4 {[%clk 0:05:05]} Nf6 {[%clk 0:05:06]} 2. c4 {[%clk 0:05:07]} g6 {[%clk
0:05:08]} 3. Nc3 {[%clk 0:05:05]} Bg7 {[%clk 0:05:10]} 4. e4 {[%clk 0:05:07]} d6
{[%clk 0:05:12]} 5. Be2 {[%clk 0:05:04]} O-O {[%clk 0:05:13]} 6. h3 {[%clk
0:04:48]} c5 {[%clk 0:05:13]} 7. d5 {[%clk 0:04:50]} b5 {[%clk 0:05:15]} 8. cxb5
{[%clk 0:04:52]} a6 {[%clk 0:05:17]} 9. a4 {[%clk 0:04:41]} e6 {[%clk 0:04:52]}
10. h4 {[%clk 0:04:41]} e5 {[%clk 0:04:52]} 0-1

[Event "French Blitz Championship"]
[Site "portmarly2022.ffechecs.org"]
[Date "2022.05.28"]
[Round "12"]
[White "Sochacki, Christophe"]
[Black "Fressinet, Laurent"]
[Result "1/2-1/2"]
[Board "3"]
[WhiteElo "2480"]
[WhiteTitle "GM"]
[WhiteCountry "FRA"]
[WhiteFideId "662569"]
[WhiteEloChange "3"]
[BlackTitle "GM"]
[BlackElo "2677"]
[BlackCountry "FRA"]
[BlackFideId "608742"]
[BlackEloChange "-3"]

1. d4 {[%clk 0:05:04]} Nf6 {[%clk 0:05:05]} 2. Bg5 {[%clk 0:05:06]} d5 {[%clk
0:04:59]} 3. e3 {[%clk 0:05:04]} c5 {[%clk 0:04:58]} 4. Bxf6 {[%clk 0:04:58]}
gxf6 {[%clk 0:05:00]} 5. dxc5 {[%clk 0:04:56]} Nc6 {[%clk 0:04:58]} 6. Bb5 {[%clk
0:04:29]} e6 {[%clk 0:04:30]} 7. b4 {[%clk 0:04:23]} a5 {[%clk 0:04:28]} 8. c3
{[%clk 0:04:23]} Bd7 {[%clk 0:04:30]} 9. Qb3 {[%clk 0:03:03]} Ne5 {[%clk
0:03:34]} 10. Be2 {[%clk 0:02:17]} b6 {[%clk 0:03:17]} 11. f4 {[%clk 0:02:18]}
Nc4 {[%clk 0:02:54]} 12. Bxc4 {[%clk 0:02:17]} dxc4 {[%clk 0:02:56]} 13. Qxc4
{[%clk 0:02:17]} Bc6 {[%clk 0:02:49]} 14. Nf3 {[%clk 0:02:15]} axb4 {[%clk
0:02:20]} 15. cxb4 {[%clk 0:02:16]} bxc5 {[%clk 0:02:22]} 16. bxc5 {[%clk
0:02:12]} Qa5+ {[%clk 0:02:11]} 17. Nbd2 {[%clk 0:02:11]} Bxc5 {[%clk 0:01:28]}
18. Rc1 {[%clk 0:01:43]} Bxf3 {[%clk 0:01:19]} 19. Qxc5 {[%clk 0:01:45]} Qxc5
{[%clk 0:00:56]} 20. Rxc5 {[%clk 0:01:47]} Bd5 {[%clk 0:00:57]} 21. a4 {[%clk
0:01:21]} Kd7 {[%clk 0:00:31]} 22. Ke2 {[%clk 0:00:56]} Rxa4 {[%clk 0:00:26]} 23.
Rhc1 {[%clk 0:00:58]} Rb8 {[%clk 0:00:23]} 24. g3 {[%clk 0:00:43]} Ke7 {[%clk
0:00:18]} 25. Rc7+ {[%clk 0:00:42]} Kf8 {[%clk 0:00:17]} 26. Rd7 {[%clk 0:00:40]}
Ra2 {[%clk 0:00:18]} 27. Rcc7 {[%clk 0:00:22]} Rbb2 {[%clk 0:00:19]} 28. Rxf7+
{[%clk 0:00:23]} Kg8 {[%clk 0:00:18]} 29. Rg7+ {[%clk 0:00:21]} 1/2-1/2

[Event "French Blitz Championship"]
[Site "portmarly2022.ffechecs.org"]
[Date "2022.05.28"]
[Round "12"]
[White "Eden, James"]
[Black "Bellahcene, Bilel"]
[Result "1/2-1/2"]
[Board "4"]
[WhiteElo "2221"]
[WhiteTitle "IM"]
[WhiteCountry "FRA"]
[WhiteFideId "666491"]
[WhiteEloChange "8"]
[BlackElo "2562"]
[BlackTitle "GM"]
[BlackCountry "ALG"]
[BlackFideId "696358"]
[BlackEloChange "-4"]

1. e4 {[%clk 0:05:04]} c5 {[%clk 0:05:06]} 2. Nf3 {[%clk 0:05:03]} Nc6 {[%clk
0:05:07]} 3. c3 {[%clk 0:05:01]} e5 {[%clk 0:05:08]} 4. d4 {[%clk 0:04:56]} cxd4
{[%clk 0:05:07]} 5. cxd4 {[%clk 0:04:57]} exd4 {[%clk 0:05:09]} 6. Nxd4 {[%clk
0:04:41]} Nf6 {[%clk 0:05:11]} 7. Nc3 {[%clk 0:04:31]} Bb4 {[%clk 0:05:14]} 8.
Nxc6 {[%clk 0:04:27]} bxc6 {[%clk 0:05:01]} 9. Bd3 {[%clk 0:04:22]} O-O {[%clk
0:05:03]} 10. O-O {[%clk 0:04:20]} Re8 {[%clk 0:05:05]} 11. Bg5 {[%clk 0:03:58]}
h6 {[%clk 0:05:06]} 12. Bh4 {[%clk 0:03:59]} Rb8 {[%clk 0:04:51]} 13. Qc2 {[%clk
0:03:55]} d6 {[%clk 0:04:29]} 14. Rad1 {[%clk 0:03:44]} g5 {[%clk 0:04:17]} 15.
Bg3 {[%clk 0:03:44]} Nh5 {[%clk 0:04:19]} 16. Ne2 {[%clk 0:03:12]} Bc5 {[%clk
0:04:06]} 17. a3 {[%clk 0:02:47]} Bd7 {[%clk 0:02:54]} 18. Bc4 {[%clk 0:02:40]}
Nxg3 {[%clk 0:02:11]} 19. Nxg3 {[%clk 0:02:39]} Qe7 {[%clk 0:02:08]} 20. b4
{[%clk 0:02:29]} Bb6 {[%clk 0:02:10]} 21. Qc3 {[%clk 0:02:24]} Bg4 {[%clk
0:01:58]} 22. Rd2 {[%clk 0:02:09]} h5 {[%clk 0:00:32]} 23. Bb3 {[%clk 0:01:34]}
Rbc8 {[%clk 0:00:13]} 24. h3 {[%clk 0:01:25]} h4 {[%clk 0:00:15]} 25. Nf5 {[%clk
0:01:26]} Bxf5 {[%clk 0:00:17]} 26. exf5 {[%clk 0:01:27]} d5 {[%clk 0:00:15]} 27.
Qf3 {[%clk 0:01:23]} Qf6 {[%clk 0:00:16]} 28. b5 {[%clk 0:01:20]} cxb5 {[%clk
0:00:15]} 29. Rxd5 {[%clk 0:01:08]} Rc3 {[%clk 0:00:12]} 30. Rd3 {[%clk 0:01:05]}
Rxd3 {[%clk 0:00:14]} 31. Qxd3 {[%clk 0:01:06]} Re5 {[%clk 0:00:16]} 32. Bc2
{[%clk 0:01:06]} Kg7 {[%clk 0:00:16]} 33. Rb1 {[%clk 0:00:49]} a6 {[%clk
0:00:13]} 34. Rd1 {[%clk 0:00:50]} Rc5 {[%clk 0:00:13]} 35. Qd6 {[%clk 0:00:28]}
Ba7 {[%clk 0:00:05]} 36. Qxf6+ {[%clk 0:00:27]} Kxf6 {[%clk 0:00:08]} 37. Rd6+
{[%clk 0:00:29]} Ke5 {[%clk 0:00:08]} 38. Rxa6 {[%clk 0:00:30]} Bb8 {[%clk
0:00:08]} 39. Bd3 {[%clk 0:00:18]} Kd4 {[%clk 0:00:06]} 40. Bf1 {[%clk 0:00:18]}
Rxf5 {[%clk 0:00:07]} 41. Rb6 {[%clk 0:00:18]} Bc7 {[%clk 0:00:04]} 42. Rxb5
{[%clk 0:00:19]} Rxb5 {[%clk 0:00:05]} 43. Bxb5 {[%clk 0:00:20]} f6 {[%clk
0:00:06]} 44. a4 {[%clk 0:00:21]} Ba5 {[%clk 0:00:08]} 45. Kf1 {[%clk 0:00:22]}
f5 {[%clk 0:00:08]} 46. Bd7 {[%clk 0:00:23]} Ke4 {[%clk 0:00:10]} 47. Ke2 {[%clk
0:00:25]} Kf4 {[%clk 0:00:13]} 48. Kd3 {[%clk 0:00:25]} g4 {[%clk 0:00:11]} 49.
Kc4 {[%clk 0:00:18]} Be1 {[%clk 0:00:09]} 50. f3 {[%clk 0:00:18]} gxf3 {[%clk
0:00:04]} 51. gxf3 {[%clk 0:00:19]} Kxf3 {[%clk 0:00:06]} 52. Bxf5 {[%clk
0:00:20]} Kf4 {[%clk 0:00:08]} 53. Bd7 {[%clk 0:00:20]} Ke5 {[%clk 0:00:08]}
1/2-1/2

[Event "French Blitz Championship"]
[Site "portmarly2022.ffechecs.org"]
[Date "2022.05.28"]
[Round "12"]
[White "Brunner, Nicolas"]
[Black "Dionisi, Thomas"]
[Result "1/2-1/2"]
[Board "6"]
[WhiteElo "2372"]
[WhiteTitle "IM"]
[WhiteCountry "FRA"]
[WhiteFideId "620246"]
[WhiteEloChange "-1"]
[BlackElo "2326"]
[BlackTitle "IM"]
[BlackCountry "FRA"]
[BlackFideId "651893"]
[BlackEloChange "1"]

1. d4 {[%clk 0:05:04]} Nf6 {[%clk 0:05:04]} 2. c4 {[%clk 0:05:06]} e6 {[%clk
0:05:06]} 3. Nc3 {[%clk 0:05:09]} Bb4 {[%clk 0:05:08]} 4. Nf3 {[%clk 0:05:10]} b6
{[%clk 0:05:04]} 5. e3 {[%clk 0:05:12]} Bb7 {[%clk 0:05:00]} 6. Bd3 {[%clk
0:05:14]} c5 {[%clk 0:04:57]} 7. O-O {[%clk 0:05:15]} Bxc3 {[%clk 0:04:54]} 8.
bxc3 {[%clk 0:05:17]} d6 {[%clk 0:04:49]} 9. Nd2 {[%clk 0:05:12]} O-O {[%clk
0:04:40]} 10. e4 {[%clk 0:05:06]} e5 {[%clk 0:04:42]} 11. d5 {[%clk 0:05:00]}
Nbd7 {[%clk 0:03:46]} 12. Re1 {[%clk 0:05:02]} Ne8 {[%clk 0:03:38]} 13. Nf1
{[%clk 0:05:03]} g6 {[%clk 0:03:37]} 14. Ne3 {[%clk 0:04:24]} Ng7 {[%clk
0:03:27]} 15. Qc2 {[%clk 0:04:25]} Bc8 {[%clk 0:03:10]} 16. g3 {[%clk 0:04:17]}
Nf6 {[%clk 0:03:10]} 17. Ng2 {[%clk 0:03:27]} Nfh5 {[%clk 0:02:56]} 18. f4 {[%clk
0:02:46]} exf4 {[%clk 0:02:06]} 19. gxf4 {[%clk 0:02:47]} Bh3 {[%clk 0:02:06]}
20. Qf2 {[%clk 0:02:26]} Re8 {[%clk 0:01:58]} 21. Bd2 {[%clk 0:02:22]} Qc7 {[%clk
0:01:46]} 22. Nh4 {[%clk 0:01:33]} f5 {[%clk 0:01:20]} 23. exf5 {[%clk 0:00:51]}
Bxf5 {[%clk 0:00:56]} 24. Nxf5 {[%clk 0:00:47]} Nxf5 {[%clk 0:00:46]} 25. Rxe8+
{[%clk 0:00:24]} Rxe8 {[%clk 0:00:47]} 26. Re1 {[%clk 0:00:26]} Qd7 {[%clk
0:00:40]} 27. Kh1 {[%clk 0:00:16]} Nf6 {[%clk 0:00:32]} 28. Qg2 {[%clk 0:00:10]}
Rxe1+ {[%clk 0:00:31]} 29. Bxe1 {[%clk 0:00:13]} Kf7 {[%clk 0:00:20]} 30. Qe2
{[%clk 0:00:14]} Qe7 {[%clk 0:00:11]} 31. Qxe7+ {[%clk 0:00:13]} Kxe7 {[%clk
0:00:12]} 32. Kg1 {[%clk 0:00:10]} Ng4 {[%clk 0:00:08]} 33. Bd2 {[%clk 0:00:11]}
a6 {[%clk 0:00:06]} 34. Kg2 {[%clk 0:00:08]} Nf6 {[%clk 0:00:05]} 35. Kf3 {[%clk
0:00:09]} Kd7 {[%clk 0:00:06]} 36. Be1 {[%clk 0:00:11]} h5 {[%clk 0:00:07]} 37.
h3 {[%clk 0:00:12]} Ke7 {[%clk 0:00:07]} 38. Bf2 {[%clk 0:00:13]} Kf7 {[%clk
0:00:09]} 39. Be1 {[%clk 0:00:15]} Ne8 {[%clk 0:00:08]} 40. a4 {[%clk 0:00:13]}
a5 {[%clk 0:00:08]} 41. Bf2 {[%clk 0:00:14]} Neg7 {[%clk 0:00:07]} 42. Be1 {[%clk
0:00:16]} Kf6 {[%clk 0:00:08]} 43. Bf2 {[%clk 0:00:18]} Ne8 {[%clk 0:00:05]} 44.
Be1 {[%clk 0:00:20]} Neg7 {[%clk 0:00:06]} 45. Bf2 {[%clk 0:00:23]} Ne8 {[%clk
0:00:07]} 46. Be1 {[%clk 0:00:25]} Neg7 {[%clk 0:00:08]} 47. Ke4 {[%clk 0:00:25]}
1/2-1/2

[Event "French Blitz Championship"]
[Site "portmarly2022.ffechecs.org"]
[Date "2022.05.28"]
[Round "12"]
[White "David, Alberto"]
[Black "Gatineau, Yovann"]
[Result "1-0"]
[Board "7"]
[WhiteElo "2548"]
[WhiteTitle "GM"]
[WhiteCountry "ITA"]
[WhiteFideId "4000013"]
[WhiteEloChange "1"]
[BlackElo "2183"]
[BlackTitle "IM"]
[BlackCountry "FRA"]
[BlackFideId "26028999"]
[BlackEloChange "-2"]

1. e4 {[%clk 0:05:05]} e5 {[%clk 0:05:06]} 2. Nf3 {[%clk 0:05:07]} Nc6 {[%clk
0:05:07]} 3. Bb5 {[%clk 0:05:09]} a6 {[%clk 0:05:09]} 4. Ba4 {[%clk 0:05:11]} Nf6
{[%clk 0:05:10]} 5. d3 {[%clk 0:05:14]} d6 {[%clk 0:05:12]} 6. c3 {[%clk
0:05:16]} g6 {[%clk 0:05:14]} 7. O-O {[%clk 0:05:17]} Bg7 {[%clk 0:05:16]} 8. h3
{[%clk 0:05:19]} O-O {[%clk 0:05:17]} 9. Be3 {[%clk 0:05:19]} Bd7 {[%clk
0:05:13]} 10. Nbd2 {[%clk 0:05:22]} Qe8 {[%clk 0:05:13]} 11. Bb3 {[%clk 0:05:20]}
Nh5 {[%clk 0:05:11]} 12. d4 {[%clk 0:05:22]} Kh8 {[%clk 0:05:07]} 13. dxe5 {[%clk
0:05:22]} dxe5 {[%clk 0:04:39]} 14. Bc5 {[%clk 0:05:23]} Rg8 {[%clk 0:03:59]} 15.
Ng5 {[%clk 0:05:17]} Nd8 {[%clk 0:03:58]} 16. Nc4 {[%clk 0:05:05]} Ne6 {[%clk
0:03:32]} 17. Nxe6 {[%clk 0:04:54]} Bxe6 {[%clk 0:03:33]} 18. Ne3 {[%clk
0:04:56]} Nf4 {[%clk 0:02:31]} 19. Qf3 {[%clk 0:04:18]} Qc6 {[%clk 0:02:22]} 20.
Ba3 {[%clk 0:04:12]} Bxb3 {[%clk 0:02:03]} 21. axb3 {[%clk 0:04:14]} Qb5 {[%clk
0:01:38]} 22. h4 {[%clk 0:04:02]} Qxb3 {[%clk 0:01:29]} 23. g3 {[%clk 0:04:04]}
Nh5 {[%clk 0:01:23]} 24. Rad1 {[%clk 0:03:33]} Rgd8 {[%clk 0:01:11]} 25. Nd5
{[%clk 0:02:04]} c6 {[%clk 0:01:01]} 26. Nc7 {[%clk 0:02:06]} Rac8 {[%clk
0:01:00]} 27. Be7 {[%clk 0:02:04]} Rg8 {[%clk 0:00:26]} 28. Rd7 {[%clk 0:02:01]}
Qb6 {[%clk 0:00:13]} 29. Bd6 {[%clk 0:01:45]} f6 {[%clk 0:00:06]} 30. b4 {[%clk
0:01:40]} Bf8 {[%clk 0:00:07]} 31. Ne6 {[%clk 0:01:07]} Bxd6 {[%clk 0:00:08]} 32.
Rxd6 {[%clk 0:01:09]} Rce8 {[%clk 0:00:06]} 33. Rfd1 {[%clk 0:00:58]} Re7 {[%clk
0:00:05]} 34. g4 {[%clk 0:00:53]} Nf4 {[%clk 0:00:04]} 35. Nxf4 {[%clk 0:00:54]}
exf4 {[%clk 0:00:07]} 36. Qxf4 {[%clk 0:00:55]} f5 {[%clk 0:00:05]} 37. exf5
{[%clk 0:00:55]} gxf5 {[%clk 0:00:07]} 38. Qxf5 {[%clk 0:00:42]} Reg7 {[%clk
0:00:09]} 39. g5 {[%clk 0:00:43]} Qb5 {[%clk 0:00:05]} 40. Qxb5 {[%clk 0:00:44]}
axb5 {[%clk 0:00:08]} 41. Rd7 {[%clk 0:00:46]} Rf8 {[%clk 0:00:06]} 42. Rxg7
{[%clk 0:00:47]} Kxg7 {[%clk 0:00:08]} 43. Rd7+ {[%clk 0:00:49]} Kg6 {[%clk
0:00:10]} 44. Kg2 {[%clk 0:00:41]} Rf4 {[%clk 0:00:12]} 45. Kg3 {[%clk 0:00:43]}
Rc4 {[%clk 0:00:14]} 46. Rd6+ {[%clk 0:00:35]} Kf5 {[%clk 0:00:11]} 47. Rf6+
{[%clk 0:00:36]} Ke5 {[%clk 0:00:12]} 48. f4+ {[%clk 0:00:37]} Ke4 {[%clk
0:00:12]} 49. Re6+ {[%clk 0:00:35]} Kf5 {[%clk 0:00:09]} 50. Re5+ {[%clk
0:00:36]} Kg6 {[%clk 0:00:11]} 51. Re3 {[%clk 0:00:30]} Kf5 {[%clk 0:00:05]} 1-0

[Event "French Blitz Championship"]
[Site "portmarly2022.ffechecs.org"]
[Date "2022.05.28"]
[Round "12"]
[White "Degardin, Sylvain"]
[Black "Rakotomaharo, Fy Antenaina"]
[Result "0-1"]
[Board "8"]
[WhiteElo "2156"]
[WhiteTitle "FM"]
[WhiteCountry "FRA"]
[WhiteFideId "20623070"]
[WhiteEloChange "-3"]
[BlackElo "2473"]
[BlackTitle "IM"]
[BlackCountry "MAD"]
[BlackFideId "13100050"]
[BlackEloChange "1"]

1. d4 {[%clk 0:05:04]} Nf6 {[%clk 0:05:05]} 2. c4 {[%clk 0:05:05]} g6 {[%clk
0:05:07]} 3. g3 {[%clk 0:05:06]} c6 {[%clk 0:05:06]} 4. Nf3 {[%clk 0:04:56]} d5
{[%clk 0:05:08]} 5. cxd5 {[%clk 0:04:50]} cxd5 {[%clk 0:05:10]} 6. Bg2 {[%clk
0:04:42]} Bg7 {[%clk 0:05:12]} 7. O-O {[%clk 0:04:20]} O-O {[%clk 0:05:12]} 8.
Ne5 {[%clk 0:04:18]} e6 {[%clk 0:05:13]} 9. Nc3 {[%clk 0:04:15]} Nfd7 {[%clk
0:05:15]} 10. f4 {[%clk 0:04:13]} Nxe5 {[%clk 0:04:17]} 11. fxe5 {[%clk 0:03:46]}
Nc6 {[%clk 0:04:19]} 12. Be3 {[%clk 0:03:13]} b6 {[%clk 0:04:03]} 13. Qd2 {[%clk
0:03:07]} f6 {[%clk 0:03:51]} 14. exf6 {[%clk 0:02:52]} Bxf6 {[%clk 0:03:53]} 15.
Rad1 {[%clk 0:02:25]} Bb7 {[%clk 0:03:16]} 16. Kh1 {[%clk 0:02:04]} Qd7 {[%clk
0:03:06]} 17. Bh6 {[%clk 0:01:36]} Bg7 {[%clk 0:03:07]} 18. Bxg7 {[%clk 0:01:29]}
Qxg7 {[%clk 0:03:07]} 19. Qe3 {[%clk 0:01:14]} Rxf1+ {[%clk 0:02:57]} 20. Bxf1
{[%clk 0:01:11]} e5 {[%clk 0:02:53]} 21. Qd3 {[%clk 0:00:23]} exd4 {[%clk
0:02:40]} 22. Nb5 {[%clk 0:00:20]} Rf8 {[%clk 0:02:27]} 23. Bg2 {[%clk 0:00:20]}
Qe5 {[%clk 0:01:15]} 24. Bf3 {[%clk 0:00:14]} Ba6 {[%clk 0:00:45]} 25. Qb3 {[%clk
0:00:06]} Rxf3 {[%clk 0:00:46]} 26. exf3 {[%clk 0:00:05]} Na5 {[%clk 0:00:46]}
27. Qb4 {[%clk 0:00:04]} Qe2 {[%clk 0:00:46]} 28. Qxd4 {[%clk 0:00:04]} Qxf3+
{[%clk 0:00:39]} 29. Kg1 {[%clk 0:00:06]} Bxb5 {[%clk 0:00:38]} 30. Qxd5+ {[%clk
0:00:08]} Qxd5 {[%clk 0:00:39]} 31. Rxd5 {[%clk 0:00:09]} Bc6 {[%clk 0:00:31]}
32. Rd6 {[%clk 0:00:09]} Be8 {[%clk 0:00:33]} 33. b4 {[%clk 0:00:05]} Nc6 {[%clk
0:00:32]} 34. b5 {[%clk 0:00:05]} Na5 {[%clk 0:00:10]} 35. a4 {[%clk 0:00:06]}
Kf7 {[%clk 0:00:10]} 36. Rd8 {[%clk 0:00:06]} Ke7 {[%clk 0:00:09]} 37. Ra8 {[%clk
0:00:05]} Bd7 {[%clk 0:00:09]} 38. Rxa7 {[%clk 0:00:06]} Kd6 {[%clk 0:00:07]} 39.
Ra8 {[%clk 0:00:05]} h5 {[%clk 0:00:07]} 40. Rg8 {[%clk 0:00:05]} Bf5 {[%clk
0:00:09]} 41. Rg7 {[%clk 0:00:05]} Kc5 {[%clk 0:00:10]} 42. Kf2 {[%clk 0:00:05]}
Kb4 {[%clk 0:00:11]} 43. Ke3 {[%clk 0:00:05]} Kxa4 {[%clk 0:00:12]} 44. Kf4
{[%clk 0:00:05]} Kxb5 {[%clk 0:00:13]} 45. h3 {[%clk 0:00:07]} Kc5 {[%clk
0:00:12]} 46. g4 {[%clk 0:00:09]} hxg4 {[%clk 0:00:14]} 47. hxg4 {[%clk 0:00:11]}
Bd3 {[%clk 0:00:15]} 48. Ke5 {[%clk 0:00:06]} Nc6+ {[%clk 0:00:16]} 49. Kf6
{[%clk 0:00:05]} b5 {[%clk 0:00:18]} 50. Rb7 {[%clk 0:00:05]} b4 {[%clk 0:00:19]}
51. Kg5 {[%clk 0:00:04]} Kc4 {[%clk 0:00:17]} 52. Kf4 {[%clk 0:00:05]} b3 {[%clk
0:00:18]} 53. Ke3 {[%clk 0:00:06]} Bc2 {[%clk 0:00:20]} 54. Kd2 {[%clk 0:00:07]}
Ne5 {[%clk 0:00:19]} 55. g5 {[%clk 0:00:07]} Nf3+ {[%clk 0:00:21]} 56. Kc1 {[%clk
0:00:07]} Nxg5 {[%clk 0:00:21]} 57. Rc7+ {[%clk 0:00:07]} Kd4 {[%clk 0:00:23]}
58. Kd2 {[%clk 0:00:06]} Nf3+ {[%clk 0:00:24]} 59. Ke2 {[%clk 0:00:08]} Ne5
{[%clk 0:00:26]} 60. Rb7 {[%clk 0:00:06]} Kc3 {[%clk 0:00:23]} 61. Ke3 {[%clk
0:00:06]} 0-1

[Event "French Blitz Championship"]
[Site "portmarly2022.ffechecs.org"]
[Date "2022.05.28"]
[Round "13"]
[White "Fressinet, Laurent"]
[Black "Guliyev, Namig"]
[Result "1/2-1/2"]
[Board "1"]
[WhiteTitle "GM"]
[WhiteElo "2677"]
[WhiteCountry "FRA"]
[WhiteFideId "608742"]
[WhiteEloChange "-2"]
[BlackElo "2487"]
[BlackTitle "GM"]
[BlackCountry "AZE"]
[BlackFideId "13400363"]
[BlackEloChange "2"]

1. d4 {[%clk 0:05:05]} d5 {[%clk 0:05:05]} 2. Nf3 {[%clk 0:05:07]} Nf6 {[%clk
0:05:07]} 3. c4 {[%clk 0:05:05]} dxc4 {[%clk 0:05:08]} 4. e3 {[%clk 0:05:07]} e6
{[%clk 0:05:09]} 5. Bxc4 {[%clk 0:05:08]} a6 {[%clk 0:05:11]} 6. O-O {[%clk
0:05:09]} c5 {[%clk 0:05:10]} 7. Be2 {[%clk 0:05:10]} Nc6 {[%clk 0:05:06]} 8.
dxc5 {[%clk 0:05:12]} Bxc5 {[%clk 0:05:05]} 9. Qxd8+ {[%clk 0:05:04]} Kxd8 {[%clk
0:05:06]} 10. b3 {[%clk 0:04:55]} Bd7 {[%clk 0:04:59]} 11. Bb2 {[%clk 0:04:48]}
Ke7 {[%clk 0:04:54]} 12. Nbd2 {[%clk 0:04:39]} b5 {[%clk 0:04:11]} 13. Rac1
{[%clk 0:03:32]} Bd6 {[%clk 0:04:09]} 14. a4 {[%clk 0:03:22]} Rab8 {[%clk
0:04:07]} 15. axb5 {[%clk 0:03:00]} axb5 {[%clk 0:04:09]} 16. Rfd1 {[%clk
0:02:35]} Rhc8 {[%clk 0:04:07]} 17. Bxf6+ {[%clk 0:02:08]} gxf6 {[%clk 0:04:09]}
18. Ne4 {[%clk 0:02:11]} Ba3 {[%clk 0:03:30]} 19. Ra1 {[%clk 0:02:13]} Bb2 {[%clk
0:03:32]} 20. Ra2 {[%clk 0:02:06]} Be5 {[%clk 0:03:33]} 21. Nxe5 {[%clk 0:01:53]}
fxe5 {[%clk 0:03:19]} 22. Nd6 {[%clk 0:01:33]} Rc7 {[%clk 0:03:18]} 23. Rad2
{[%clk 0:01:20]} Na5 {[%clk 0:02:08]} 24. Nxf7 {[%clk 0:01:22]} Nxb3 {[%clk
0:02:07]} 25. Rd6 {[%clk 0:01:24]} e4 {[%clk 0:01:16]} 26. Ne5 {[%clk 0:01:14]}
Nc5 {[%clk 0:01:02]} 27. Nxd7 {[%clk 0:00:34]} Rxd7 {[%clk 0:00:57]} 28. Rc6
{[%clk 0:00:29]} Rxd1+ {[%clk 0:00:27]} 29. Bxd1 {[%clk 0:00:32]} Ra8 {[%clk
0:00:17]} 30. Rxc5 {[%clk 0:00:32]} Ra1 {[%clk 0:00:19]} 31. Kf1 {[%clk 0:00:12]}
Rxd1+ 32. Ke2 {[%clk 0:00:12]} Rb1 {[%clk 0:00:10]} 33. Rc7+ {[%clk 0:00:11]} Kd6
{[%clk 0:00:12]} 34. Rxh7 {[%clk 0:00:13]} b4 {[%clk 0:00:14]} 35. Rb7 {[%clk
0:00:09]} b3 {[%clk 0:00:15]} 36. h4 {[%clk 0:00:11]} Rb2+ {[%clk 0:00:17]} 37.
Ke1 {[%clk 0:00:11]} Rb1+ {[%clk 0:00:18]} 38. Kd2 {[%clk 0:00:13]} Rb2+ {[%clk
0:00:20]} 39. Kc3 {[%clk 0:00:06]} Rxf2 {[%clk 0:00:21]} 40. Rxb3 {[%clk
0:00:06]} Rxg2 {[%clk 0:00:22]} 41. Rb6+ {[%clk 0:00:05]} Ke5 42. Rb5+ {[%clk
0:00:07]} Kf6 {[%clk 0:00:23]} 43. Kd4 {[%clk 0:00:10]} Rg4 {[%clk 0:00:24]} 44.
h5 {[%clk 0:00:11]} Rh4 {[%clk 0:00:26]} 45. Re5 {[%clk 0:00:07]} Kf7 {[%clk
0:00:24]} 46. Rxe4 {[%clk 0:00:07]} Rxh5 {[%clk 0:00:24]} 1/2-1/2

[Event "French Blitz Championship"]
[Site "portmarly2022.ffechecs.org"]
[Date "2022.05.28"]
[Round "13"]
[White "Sochacki, Christophe"]
[Black "Shchekachev, Andrei"]
[Result "1/2-1/2"]
[Board "3"]
[WhiteElo "2480"]
[WhiteTitle "GM"]
[WhiteCountry "FRA"]
[WhiteFideId "662569"]
[BlackElo "2500"]
[BlackTitle "GM"]
[BlackCountry "FRA"]
[BlackFideId "4107730"]

1. b3 {[%clk 0:05:05]} Nf6 {[%clk 0:04:35]} 2. Bb2 {[%clk 0:05:06]} g6 {[%clk
0:05:04]} 3. Nf3 {[%clk 0:05:06]} Bg7 {[%clk 0:05:04]} 4. g3 {[%clk 0:05:08]} d6
{[%clk 0:04:53]} 5. d4 {[%clk 0:05:09]} c5 {[%clk 0:04:49]} 6. Bg2 {[%clk
0:05:08]} Qa5+ {[%clk 0:04:49]} 7. Qd2 {[%clk 0:04:26]} Qxd2+ {[%clk 0:04:37]} 8.
Nbxd2 {[%clk 0:04:28]} Na6 {[%clk 0:04:35]} 9. c4 {[%clk 0:04:18]} Rb8 {[%clk
0:04:28]} 10. O-O {[%clk 0:04:12]} O-O {[%clk 0:04:25]} 11. Rac1 {[%clk 0:03:53]}
Bf5 {[%clk 0:03:57]} 12. Rfe1 {[%clk 0:03:40]} Ne4 {[%clk 0:03:46]} 13. Red1
{[%clk 0:02:55]} Nxd2 {[%clk 0:02:46]} 14. Rxd2 {[%clk 0:02:56]} Be4 {[%clk
0:02:47]} 15. dxc5 {[%clk 0:02:46]} Nxc5 {[%clk 0:02:41]} 16. Bxg7 {[%clk
0:02:44]} Kxg7 {[%clk 0:02:43]} 17. Nd4 {[%clk 0:02:41]} Bxg2 {[%clk 0:02:40]}
18. Kxg2 {[%clk 0:02:43]} Rfc8 {[%clk 0:02:36]} 19. b4 {[%clk 0:02:00]} Ne4
{[%clk 0:02:20]} 20. Rd3 {[%clk 0:01:57]} Nf6 {[%clk 0:02:05]} 21. c5 {[%clk
0:01:37]} dxc5 {[%clk 0:01:23]} 22. bxc5 {[%clk 0:01:32]} a6 {[%clk 0:01:10]} 23.
Rb3 {[%clk 0:01:21]} Nd7 {[%clk 0:00:58]} 24. c6 {[%clk 0:00:57]} bxc6 {[%clk
0:00:56]} 25. Rxc6 {[%clk 0:00:59]} Rxc6 {[%clk 0:00:47]} 26. Nxc6 {[%clk
0:01:01]} Rxb3 {[%clk 0:00:46]} 27. axb3 {[%clk 0:01:03]} Kf6 {[%clk 0:00:47]}
28. Nd4 {[%clk 0:00:02]} 1/2-1/2